000
00303nam a22001217a 4500
040
_c
SK
082
_a
333
100
_a
NA
245
_a
Land management and administration project ministry of land management, urban planning and construction
260
_a
NA
_b
NA
_c
2003
300
_a
29p.
942
_c
EK
999
_c
9121
_d
9121